İslam'da dostluk ve kardeşlik adabı (Record no. 10347)

MARC details
000 -BAŞLIK
Sabit Uzunlukta Kontrol Alanı 00788na a2200265 4500
001 - KONTROL NUMARASI
Denetim Alanı 23770
003 - KONTROL NUMARASI IDENTIFIER
Denetim Alanı MIRAKIL
005 - SON İŞLEM TARİHİ VE ZAMANI
Denetim Alanı 20181213155317.0
008 - SABİT-BOY VERİ ELEMANLARI - GENEL BİLGİLER
Sabit Uzunlukta Kontrol Alanı 180102b tu 000 0
020 ## - ULUSLARARASI STANDART KİTAP NUMARASI
Uluslararası Standart Kitap Numarası 9789758757800
040 ## - KATALOGLAMA KAYNAK
Orijinal Kataloglama Ajansı Milas
Kataloglama Dili tur
Metne Dönüştürmek Ajansı TR-AnCHP
041 ## - DİL KODU
Metin / Ses Parça Veya Ayrı Başlığın Dil Kodu tur
-- ara
082 ## - DEWEY ONLU SINIFLANDIRMA NUMARASI
Sınıflandırma Numarası 297.5
Ürün Numarası G29i 2017
090 ## - SINIFLAMA NUMARASI
Sınıflama Numarası 297.5 G29i 2017
100 ## - ANA GİRİŞ - KİŞİSEL İSİM
Kişisel Ad İmam Gazzali
245 ## - BAŞLIK TABLOSU
Başlık İslam'da dostluk ve kardeşlik adabı
Sorumluluk Tablosu, Vb İmam Gazzali ; çeviren M. Es'ad Coşan
260 ## - YAYIN, DAĞITIM, VB
Yayın, Dağıtım, Vb Yeri İstanbul
Yayıncı, Dağıtıcı, Vs Adı Server yayınları
Yayın, Dağıtım, Vb Tarihi 2017
Üretici Firma Klas ofset
300 ## - FİZİKSEL TANIM
Kapsam 148 s.
Boyutlar 22 sm.
440 ## - SERİSİ TABLOSU / KATMA GİRİŞİ - BAŞLIK
Başlık server yayınları
Hacim / Ardışık Tanımı yayın no: 60
490 ## - SERİSİ TABLOSU
Seri Beyanı Temel eserler serisi
Hacim / Ardışık Tanımı 8
504 ## - KAYNAKÇA VB NOT
Kaynakça Vb Notu Kaynakça ve dizin var.
650 ## - KONU KATMA GİRİŞ - TOPİKAL DÖNEM
Topikal Süreli Veya Coğrafi Ad Giriş Elemanı İslam Dini
Genel Alt Bölümü Görevler
700 ## - KATMA GİRİŞ - KİŞİSEL İSİM
Kişisel Ad Coşan, M. Es'ad
Relator Terim çev.
942 ## - EKLENDİ GİRİŞ ELEMANLARI (KOHA)
Sınıflandırma Veya Raf Düzeni Kaynak
Koha Öğesi Türü Books
999 ## - SİSTEM KONTROL NUMARALARI (KOHA)
Koha Biblionumber 10347
Koha Biblioitemnumber 10347
Holdings
Kalıcı Konum Mevcut Konum Edinme Tarihi Edinim Kaynak Toplam Check-Out'Lar Tam Çağrı Numarası Barkod Tarih Son Görülme İtibaren Geçerli Fiyatlar Koha Öğesi Türü
CHP Kütüphanesi CHP Kütüphanesi 12/25/2017 Bağış   297.5 G29i 2017 017751 12/25/2017 12/25/2017 Books